000 00710nam a2200301Ia 4500
001 71073
003 145091
005 20241004063454.0
008 ||||||n9999 ||| || ||
041 _aspa
082 _a323.4
245 0 _aServicios de asesoramiento y de asistencia técnica en materia de derechos humanos
260 _aSuiza :
_bNAUNI,
_c1997.
300 _a24p
490 _aDerechos humanos
_v3
562 _e2
650 0 _aDerechos humanos
_92723
650 _aPROTECCIÓN DE LOS DERECHOS
_910038
942 _cBKM
942 _cBKM
999 _c71073
_d71073
526 _a102620
526 _a105630
526 _a1698
526 _a4969
526 _a51868
526 _a1703
526 _a1697